000
00251 a2200097 4500
001
32304
100
_a
Crane, Dale
245
_a
Aircraft sheet metal construction and repair
260
_a
New Delhi
_b
Aviation Maintenance
_c
1983
090
_c
21687
_d
21687
942
_a
NUST-CAE
_c
M
_c
12988
999
_c
267377
_d
267377